000 00409nam a2200157 4500
003 OSt
008 240702b |||||||| |||| 00| 0 eng d
020 _a9780670923175
082 _a658.4092
100 _aSINEK, Simon
245 _aLeaders Eat Last
_bWhy Some Teams Pull Together And Others Don't
260 _aLondon
_bPenguin Random House
_c2019
300 _a350
650 _aGeneral
942 _2ddc
_cBK
999 _c12756
_d12756